Adhunik hindi vyakaran aur rachana (Record no. 6993)

MARC details
000 -LEADER
fixed length control field 00562cam a2200217ua 4500
001 - CONTROL NUMBER
control field 7878
005 - DATE AND TIME OF LATEST TRANSACTION
control field 20260515114250.0
008 - FIXED-LENGTH DATA ELEMENTS--GENERAL INFORMATION
fixed length control field 150110n ii |||gr||||Z||||||hin
020 ## - INTERNATIONAL STANDARD BOOK NUMBER
International Standard Book Number 9788177090772
040 ## - CATALOGING SOURCE
Transcribing agency MAIN
041 ## - LANGUAGE CODE
Language code of text/sound track or separate title hin
082 ## - DEWEY DECIMAL CLASSIFICATION NUMBER
Classification number 491.435
100 ## - MAIN ENTRY--PERSONAL NAME
Personal name Prasad, B.,
Relator term Author.,
245 ## - TITLE STATEMENT
Title Adhunik hindi vyakaran aur rachana
Statement of responsibility, etc. By Basudevanandan Prasad
250 ## - EDITION STATEMENT
Edition statement 23rd rev.
260 ## - PUBLICATION, DISTRIBUTION, ETC.
Place of publication, distribution, etc. New Delhi:
Name of publisher, distributor, etc. Bharati bhawan,
Date of publication, distribution, etc. 2010.
300 ## - PHYSICAL DESCRIPTION
Extent 379p.
653 ## - INDEX TERM--UNCONTROLLED
Uncontrolled term East Indo-European & Celtic languages
653 ## - INDEX TERM--UNCONTROLLED
Uncontrolled term Hindi grammar
942 ## - ADDED ENTRY ELEMENTS (KOHA)
Koha item type Books
Holdings
Withdrawn status Lost status Damaged status Not for loan Home library Current library Shelving location Date acquired Total checkouts Full call number Barcode Date last seen Date last checked out Copy number Price effective from Koha item type
        Naharkatiya College Library Naharkatiya College Library General stacks 09/19/2020 5 491.435 | PRA 20259 04/09/2022 11/16/2021 3 09/19/2020 Books
        Naharkatiya College Library Naharkatiya College Library General stacks 09/19/2020 6 491.435 | PRA 20262 03/11/2026 03/11/2026 2 09/19/2020 Books
        Naharkatiya College Library Naharkatiya College Library General stacks 09/19/2020 5 491.435 | PRA 20263 03/23/2022 03/11/2022 1 09/19/2020 Books
        Naharkatiya College Library Naharkatiya College Library General stacks 09/19/2020 5 491.435 | PRA 6650 09/18/2024 09/13/2024 7 09/19/2020 Books
        Naharkatiya College Library Naharkatiya College Library General stacks 09/19/2020 2 491.435 | PRA 6651 11/21/2022 09/02/2022 4 09/19/2020 Books
        Naharkatiya College Library Naharkatiya College Library General stacks 09/19/2020 8 491.435 | PRA 6652 12/15/2022 12/07/2022 5 09/19/2020 Books
        Naharkatiya College Library Naharkatiya College Library General stacks 09/19/2020 6 491.435 | PRA 6653 10/07/2023 09/22/2023 8 09/19/2020 Books
        Naharkatiya College Library Naharkatiya College Library General stacks 09/19/2020 3 491.435 | PRA 6655 09/02/2025 08/26/2025 6 09/19/2020 Books